Thirupathu gamalai (Record no. 1063294)

MARC details
000 -LEADER
fixed length control field 00657nam a2200253Ia 4500
003 - CONTROL NUMBER IDENTIFIER
control field OSt
005 - DATE AND TIME OF LATEST TRANSACTION
control field 20221005132332.0
008 - FIXED-LENGTH DATA ELEMENTS--GENERAL INFORMATION
fixed length control field 221004b |||||||| |||| 00| 0 sat d
037 ## - SOURCE OF ACQUISITION
Terms of availability Textual
040 ## - CATALOGING SOURCE
Original cataloging agency CRL
Transcribing agency CRL
Language of cataloging sat
041 ## - LANGUAGE CODE
Source of code sat
Language code of text/sound track or separate title sat
100 ## - MAIN ENTRY--PERSONAL NAME
Personal name Iyengar Kesava Au.
9 (RLIN) 640948
245 #0 - TITLE STATEMENT
Title Thirupathu gamalai
260 ## - PUBLICATION, DISTRIBUTION, ETC.
Date of publication, distribution, etc. 1949
300 ## - PHYSICAL DESCRIPTION
Extent 161p.
Dimensions cm.
650 ## - SUBJECT ADDED ENTRY--TOPICAL TERM
Topical term or geographic name entry element SANSKRIT POETRY
9 (RLIN) 155567
650 ## - SUBJECT ADDED ENTRY--TOPICAL TERM
Topical term or geographic name entry element SANSKRIT LITERATURE
942 ## - ADDED ENTRY ELEMENTS (KOHA)
Classification part O15,1G68,1, 31H9
Koha item type Textual
Source of classification or shelving scheme
Holdings
Withdrawn status Lost status Damaged status Not for loan Home library Current library Date acquired Total Checkouts Full call number Barcode Date last seen Price effective from Koha item type Public note
        Central Library Central Library 2022-10-05   O15,1G68,1 31H9 CL1068263 2022-10-05 2022-10-05 Textual translated from sanskrit to tamil
Copyright @ Delhi University Library System